| 000 | 00322 a2200085 4500 | ||
|---|---|---|---|
| 245 | 0 | 0 |
_aWłókna światłowodowe - Część 1-42: Metody badań - Pomiar współczynnika dyspersji chromatycznej PN-EN 60793-1-42 / _cKT nr 53. |
| 246 | 1 | 3 | _aPN-EN 60793-1-42 |
| 260 |
_aWarszawa : _bKT nr 53, _c2003. |
||
| 300 |
_a65 stron ; _c30 cm. |
||
| 650 | _aPolska norma | ||
| 999 |
_c19831 _d19831 |
||